Auditora forense en entidades financieras : (Registro nro. 3399)

Detalles MARC
000 -LEADER
fixed length control field 03498nam a2200325 i 4500
005 - DATE AND TIME OF LATEST TRANSACTION
control field 20250329165423.0
007 - PHYSICAL DESCRIPTION FIXED FIELD--GENERAL INFORMATION
fixed length control field ta
008 - FIXED-LENGTH DATA ELEMENTS--GENERAL INFORMATION
fixed length control field 200622s2024 000 0 eng d
040 ## - CATALOGING SOURCE
Original cataloging agency CO-CtgCURN
Language of cataloging spa
Transcribing agency coctgcurn
Description conventions rda
082 0# - DEWEY DECIMAL CLASSIFICATION NUMBER
Classification number COP 2024
Item number N725
100 1# - MAIN ENTRY--PERSONAL NAME
Personal name Nisperuza Díaz, Milagro del Carmen,
Relator term author.
Relationship aut
245 13 - TITLE STATEMENT
Title Auditora forense en entidades financieras :
Remainder of title una herramienta eficaz en la detección de actividades ilegales o fraudulentas /
Statement of responsibility, etc. Milagro del Carmen Nisperuza Díaz; Artemio Enrique Martínez Nobles; María Fernanda Gonzalez Aguilera; director: Alberto Gonzalez Manjarres .
260 ## - PUBLICATION, DISTRIBUTION, ETC.
Date of publication, distribution, etc. 2024.
260 ## - PUBLICATION, DISTRIBUTION, ETC.
Place of publication, distribution, etc. Cartagena de Indias :
Name of publisher, distributor, etc. Corporación Universitaria Rafael Núñez,
Date of publication, distribution, etc. 2024.
260 ## - PUBLICATION, DISTRIBUTION, ETC.
Place of publication, distribution, etc. Cartagena de Indias :
Name of publisher, distributor, etc. Corporación Universitaria Rafael Núñez,
Date of publication, distribution, etc. 2024.
260 ## - PUBLICATION, DISTRIBUTION, ETC.
Date of publication, distribution, etc. 2024.
300 ## - PHYSICAL DESCRIPTION
Extent 37 hojas.
336 ## - CONTENT TYPE
Content type term text
Content type code txt
Source rdacontent
337 ## - MEDIA TYPE
Media type term unmediated
Media type code n
Source rdamedia
338 ## - CARRIER TYPE
Carrier type term volume
Carrier type code nc
Source rdacarrier
502 ## - DISSERTATION NOTE
Dissertation note Trabajo de grado (Contador público). Corporación Universitaria Rafael Núñez. Facultad de Ciencias Administrativas y Contables. Programa de Contaduría Pública, 2024.
520 8# - SUMMARY, ETC.
Summary, etc. " La Auditoría Forense es una disciplina especializada de la contabilidad que se centra en la detección y prevención de actividades ilegales, fraudes y malversación de fondos en las entidades financieras. Su importancia radica en la necesidad de garantizar la integridad, transparencia y confianza en el sistema financiero. Colombia cuenta con un sistema financiero diversificado y en constante crecimiento, este se encuentra conformado por los bancos, las cooperativas, las entidades de ahorro y crédito, entre otros; los cuales desempeñan un papel fundamental en la economía del país. Día a día, gracias al desarrollo tecnológico, los servicios ofrecidos por estas entidades son más diversos, eficientes y expeditos; sin embargo, este crecimiento también ha dado lugar a un aumento en la sofisticación de las actividades fraudulentas, por lo que la auditoría forense ha pasado a ser una herramienta esencial para la estabilidad del orden económico y social, así como para el sistema financiero; pues permite detectar fraudes y actividades ilegales, la recopilación de pruebas que pueden ser tenidas como evidencia para respaldar cualquier acción legal futura, la prevención mediante la implementación de controles y procesos que reducen el riesgo de actividades fraudulentas, entre otras acciones que garantizan la estabilidad del sistema financiero y el orden económico y social. Entre las funciones de los auditores forenses destacan el análisis financiero mediante el examen detallado de los registros financieros, los cuales permiten identificar irregularidades y discrepancias; asi mismo, los auditores deben realizar entrevistas y tomar testimonios con el fin de obtener información relevante y evidencias que puedan ser vinculadas a los procesos judiciales que sean pertinentes."
650 #0 - SUBJECT ADDED ENTRY--TOPICAL TERM
Topical term or geographic name entry element Contaduría pública
General subdivision Tesis y disertaciones académicas.
700 1# - ADDED ENTRY--PERSONAL NAME
Personal name Martínez Nobles, Artemio Enrique.
700 1# - ADDED ENTRY--PERSONAL NAME
Personal name González Aguilera, María Fernanda.
700 1# - ADDED ENTRY--PERSONAL NAME
Personal name González Manjarres, Alberto,
Titles and other words associated with a name asesor.
856 7# - ELECTRONIC LOCATION AND ACCESS
Uniform Resource Identifier <a href="https://unicurn.sharepoint.com/:b:/s/biblioteca/EUtWakcNty9OvL0BfNap3zoBTGIyd674iPAhxL1AzybJTA?e=NcfCDy">https://unicurn.sharepoint.com/:b:/s/biblioteca/EUtWakcNty9OvL0BfNap3zoBTGIyd674iPAhxL1AzybJTA?e=NcfCDy</a>
Public note Click para ver el recurso en texto completo
942 ## - ADDED ENTRY ELEMENTS (KOHA)
Source of classification or shelving scheme Dewey Decimal Classification
Institution code [OBSOLETE] MHC
-- MHC
Koha item type Trabajos de grado
Classification part COP 2024
Item part N725
Existencias
Withdrawn status Lost status Source of classification or shelving scheme Damaged status Not for loan Collection Home library Current library Shelving location Date acquired Total checkouts Full call number Barcode Date last seen Price effective from Koha item type
    Dewey Decimal Classification     Trabajos de grado Miguel Henríquez Castañeda Miguel Henríquez Castañeda Trabajo de grado 03/29/2025   COP 2024 N725 025139 03/29/2025 03/29/2025 Trabajos de grado